Mathematical models in hydrology

Guardat en:
Dades bibliogràfiques
Autor principal: Clarke, R. T (Autor)
Format: Llibre
Idioma:anglès
Publicat: Roma FAO 1984
Col·lecció:FAO. Irrigation and drainage paper, 19
Matèries:
Etiquetes: Afegir etiqueta
Sense etiquetes, Sigues el primer a etiquetar aquest registre!

MARC

LEADER 00000nam a2200000 a 4500
001 UCV7349
003 CL-VaPUC
008 910927e19840000IT |||||||||||||||||eng|d
082 0 4 |a 551.48  |b CLA  |2 21 
100 0 |a Clarke, R. T  |e author  |9 301448 
245 1 0 |a Mathematical models in hydrology 
300 |a 282 p 
942 |c BK 
945 |d 19910927 00:00:00 
260 |a Roma  |b FAO  |c 1984 
650 7 |a HIDROLOGIA MODELOS MATEMATICOS  |2 CL-VaPUC  |9 264566 
583 |a last modification  |c 19910927 00:00:00  |k Rodrigo Vera 
490 0 |a FAO. Irrigation and drainage paper, 19 
999 |c 213043  |d 213041